000 00530nam a2200193Ia 4500
005 20250508164125.0
008 008 250505s9999 xx 000 0 eng d
020 _a0-415-25534-1
037 _aTextual
040 _aFEDL
_beng
_cFEDL
041 _aeng
_2eng
084 _a306, ADO
_qFEDL
100 _aAdorno Theodor W.
245 0 _aculture industry selected essays on mass culture
260 _aLondon, UK
_bRoutledge
_c2004
300 _aviii,210p.
942 _cTEXL
_h306, ADO
999 _c1387181
_d1387181